|
|
|
|
| LEADER |
02990nam a2200529 4500 |
| 001 |
ocn881182438 |
| 003 |
OCoLC |
| 005 |
20170124071804.3 |
| 006 |
m o d |
| 007 |
cr cnu|||unuuu |
| 008 |
140609s2011 gw ob 001 0 ger d |
| 040 |
|
|
|a DG1
|b eng
|e rda
|e pn
|c DG1
|d OCLCF
|d E7B
|d YDXCP
|d COO
|d OCLCQ
|d DEBBG
|d GrThAP
|
| 019 |
|
|
|a 904162000
|
| 020 |
|
|
|a 9783433602881
|q (electronic bk.)
|
| 020 |
|
|
|a 3433602883
|q (electronic bk.)
|
| 020 |
|
|
|a 9783433018774
|
| 020 |
|
|
|a 3433018774
|
| 020 |
|
|
|a 9783433602874
|q (e-book)
|
| 020 |
|
|
|a 3433602875
|q (e-book)
|
| 024 |
7 |
|
|a 10.1002/9783433602881
|2 doi
|
| 029 |
1 |
|
|a CHBIS
|b 010259631
|
| 029 |
1 |
|
|a CHVBK
|b 325939799
|
| 029 |
1 |
|
|a DEBBG
|b BV041997517
|
| 029 |
1 |
|
|a GBVCP
|b 821064762
|
| 029 |
1 |
|
|a NZ1
|b 15915042
|
| 035 |
|
|
|a (OCoLC)881182438
|z (OCoLC)904162000
|
| 043 |
|
|
|a e------
|
| 050 |
|
4 |
|a TA681
|
| 082 |
0 |
4 |
|a 693/.5
|2 23
|
| 049 |
|
|
|a MAIN
|
| 245 |
0 |
0 |
|a Beispiele zur Bemessung Nach Eurocode 2.
|n Band 1,
|p Hochbau /
|c Deutscher Beton- und Bautechnik-Verein E.V.
|
| 246 |
3 |
0 |
|a Hochbau
|
| 264 |
|
1 |
|a Berlin, Germany :
|b Ernst & Sohn,
|c 2011.
|
| 300 |
|
|
|a 1 online resource.
|
| 336 |
|
|
|a text
|b txt
|2 rdacontent
|
| 337 |
|
|
|a computer
|b c
|2 rdamedia
|
| 338 |
|
|
|a online resource
|b cr
|2 rdacarrier
|
| 505 |
0 |
|
|a Vollplatte, Einachsig Gespannt / German Concrete and Construction Club EV -- Vollplatte, Zweiachsig Gespannt / German Concrete and Construction Club EV -- Vollplatte mit Grosser Dicke / German Concrete and Construction Club EV -- Punktförmig Gestützte Platte / German Concrete and Construction Club EV -- Einfeldbalken-Fertigteil / German Concrete and Construction Club EV -- Zweifeldriger Durchlaufbalken mit Kragträger / German Concrete and Construction Club EV -- Plattenbalkendecke mit Fertigplatten und Statisch Mitwirkender Ortbetonschicht / German Concrete and Construction Club EV -- Vorgespannter Dachbinder / German Concrete and Construction Club EV -- Hochbau-Innenstütze / German Concrete and Construction Club EV -- Hochbau-Randstütze / German Concrete and Construction Club EV -- Blockfundament / German Concrete and Construction Club EV -- Köcherfundament / German Concrete and Construction Club EV -- Anhang Stabdurchmessertabellen -- Anhang Bemessungstafeln Biegung mit Längskraft -- Schrifttum -- Stichwortverzeichnis.
|
| 588 |
0 |
|
|a Online resource; title from PDF title page (Wiley, viewed June 9, 2014).
|
| 504 |
|
|
|a Includes bibliographical references and index.
|
| 650 |
|
0 |
|a Concrete construction.
|
| 650 |
|
7 |
|a Concrete construction.
|2 fast
|0 (OCoLC)fst00874261
|
| 655 |
|
4 |
|a Electronic books.
|
| 710 |
2 |
|
|a Deutscher Beton- und Bautechnik-Verein.
|
| 776 |
0 |
8 |
|i Print version:
|a Deutscher Beton- und Bautechnik-Verein.
|t Beispiele zur Bemessung nach Eurocode 2. Band 1, Hochbau.
|d Berlin, Germany : Ernst & Sohn, ©2011
|h 1 volume (various pagings)
|z 9783433018774
|
| 856 |
4 |
0 |
|u https://doi.org/10.1002/9783433602881
|z Full Text via HEAL-Link
|
| 994 |
|
|
|a 92
|b DG1
|